[Event "ROM-ch"]
[Site "Bucharest"]
[Date "1994.??.??"]
[Round "6"]
[White "Ceteras, Marius"]
[Black "Marin, Mihail"]
[Result "0-1"]
[WhiteElo "2330"]
[BlackElo "2520"]

1.d4 Nf6 2.c4 e6 3.Nc3 Bb4 4.f3 d5 5.a3 Bxc3+ 6.bxc3 c5 7.cxd5 exd5 8.e3 Qc7
9.Ra2 cxd4 10.cxd4 Bf5 11.g4 Bg6 12.Ne2 Nbd7 13.Bg2 Rc8 14.g5 Nh5 15.e4 O-O
16.O-O Rfe8 17.e5 Bc2 18.Qd2 Nb6 19.Bh3 Bb3 20.Ra1 g6 21.f4 Ng7 22.Rf3 Nc4
23.Qd3 Ba4 24.Nc3 Bc6 25.f5 Rcd8 26.Rf4 Nh5 27.Rf2 b5 28.Bg4 Ng7 29.f6 Ne6
30.Qh3 h5 31.gxh6 Kh7 32.Ne2 a5 33.Qd3 b4 34.axb4 axb4 35.Rb1 Bb5 36.Qb3 Na5
37.Qxb4 Bxe2 38.Rxe2 Rb8 39.Qa4 Rxb1 40.Qxe8 Qxc1+  0-1

[Event "Budapest FS02 IM-B+"]
[Site "Budapest"]
[Date "1994.??.??"]
[Round "1"]
[White "Krizsany, Laszlo"]
[Black "Menacher, Manfred"]
[Result "1-0"]
[WhiteElo "2385"]
[BlackElo "2340"]

1.d4 Nf6 2.c4 e6 3.Nc3 Bb4 4.f3 Nc6 5.Bg5 h6 6.Bh4 d5 7.e3 O-O 8.Qb3 dxc4
9.Bxc4 Be7 10.Bb5 Bd7 11.Bxc6 Bxc6 12.Nge2 a5 13.O-O a4 14.Qc2 a3 15.b3 Nd5
16.Bf2 Nb4 17.Qd2 Qc8 18.Rac1 Rd8 19.Rfd1 b6 20.Ng3 Ra5 21.e4 Qa8 22.Be3 Rd7
23.Qe2 Bb7 24.f4 Ba6 25.Qg4 g6 26.f5 h5 27.Nxh5 exf5 28.exf5 Qe8 29.fxg6 f5
30.Qf3 c5 31.Qxf5 Rd6 32.dxc5 Rxg6 33.Nd5  1-0

[Event "Budapest FS12 GM"]
[Site "Budapest"]
[Date "1994.??.??"]
[Round "3"]
[White "Krizsany, Laszlo"]
[Black "Kogan, Artur"]
[Result "1/2-1/2"]
[WhiteElo "2395"]
[BlackElo "2470"]

1.d4 Nf6 2.c4 e6 3.Nc3 Bb4 4.f3 Nc6 5.e4 e5 6.d5 Nd4 7.a3 Be7 8.Nb5 Nxb5
9.cxb5 Bc5 10.Qc2 d6 11.Bd3 Nh5 12.g3 O-O 13.Bd2 c6 14.bxc6 bxc6 15.dxc6 Qb6
16.Ne2 Bf2+ 17.Kd1 Bh3 18.Nc3 Qxc6 19.Ke2 Bb6 20.Nd5 Qd7 21.Rhc1 Bd4 22.Be3 Bxe3
23.Nxe3 Qd8 24.Qc7 Qg5 25.Bc4 Nxg3+ 26.hxg3 Qxg3 27.Rg1 Qh2+ 28.Kd3 Qxb2
29.Qe7 Qd4+ 30.Ke2 Qb2+ 31.Kd3 Qd4+ 32.Ke2 Qb2+ 33.Kd3  1/2-1/2

[Event "Budapest FS12 GM"]
[Site "Budapest"]
[Date "1994.??.??"]
[Round "7"]
[White "Krizsany, Laszlo"]
[Black "Lukacs, Peter"]
[Result "1/2-1/2"]
[WhiteElo "2395"]
[BlackElo "2490"]

1.d4 Nf6 2.c4 e6 3.Nc3 Bb4 4.f3 d5 5.a3 Bxc3+ 6.bxc3 c5 7.cxd5 Nxd5 8.dxc5 Qa5
9.e4 Nf6 10.Be3 O-O 11.Qb3 Nfd7 12.a4 Qc7 13.Qa3 Nc6 14.Nh3 Na5 15.Be2 b6
16.cxb6 axb6 17.O-O Ba6 18.Bxa6 Rxa6 19.Qb4  1/2-1/2

[Event "Budapest FS10 GM"]
[Site "Budapest"]
[Date "1994.??.??"]
[Round "8"]
[White "Nguyen Anh Dung"]
[Black "Sulskis, Sarunas"]
[Result "1/2-1/2"]
[WhiteElo "2340"]
[BlackElo "2455"]

1.d4 Nf6 2.c4 e6 3.Nc3 Bb4 4.f3 d5 5.a3 Bxc3+ 6.bxc3 c5 7.cxd5 Nxd5 8.Qd3 b6
9.e4 Ba6 10.Qc2 Bxf1 11.Kxf1 Ne7 12.Be3 O-O 13.dxc5 Nd7 14.cxb6 axb6 15.Nh3 Qc7
16.Kf2 Ne5 17.Rhd1 Nc4 18.Qe2 Nxa3 19.Qd3 Rad8 20.Bf4 Qc8 21.Qe2 Nc4 22.Be3 e5
23.Kg1 Qc6 24.Nf2 f6 25.Rd3 Rxd3 26.Qxd3 Rc8 27.Bc1 Kf7 28.Ra7 Rc7 29.Rxc7 Qxc7
30.Kf1 Qc6 31.Nd1 Nc8 32.Ne3 Nxe3+ 33.Bxe3 Nd6 34.Ke2 Nc4 35.Bf2 Ke7 36.Qb1 Kf7
37.Qa2 Kg6 38.Qa6 Nb2 39.Kd2 Qd6+ 40.Kc2 Qd1+ 41.Kxb2 Qd2+ 42.Kb3 Qxf2 43.Qa2 Qg1
44.h3 Kg5 45.Qa7 Kh6 46.Qa2 Kh5 47.Qe2 Kh6 48.Qd2+ Kg6 49.Kc4 Qc5+ 50.Kb3 Qb5+
51.Kc2 Qf1 52.Kb3 Kh5 53.g4+ Kh4 54.Qd7 Qxf3 55.Qxg7 Kxh3 56.Qxh7+ Kxg4 57.Qg6+ Kh3
58.Kc4 Qg4 59.Qh7+ Kg3 60.Kd5 Kf3 61.Qh1+ Ke3 62.Qc1+ Kd3 63.Qb1+ Kxc3 64.Qc1+ Kd3
65.Qb1+ Ke2 66.Qb2+ Kf3 67.Qc3+ Kg2 68.Qd2+ Kf1 69.Qc1+ Kf2 70.Qc6 Qg8+ 71.Kd6 Qf8+
72.Ke6 Qc5 73.Qa8 Kf3 74.Kxf6 Kf4 75.Qd5 Qd4 76.Ke6 Qxd5+ 77.exd5 e4 78.d6 e3
79.d7 e2 80.d8=Q e1=Q+ 81.Kf7 Qe3 82.Qd5 Kg3 83.Qf5 Qc5 84.Ke6 Qc6+ 85.Ke5 Qc3+
86.Ke4 Qb4+ 87.Ke3 Qe1+ 88.Kd4 Qb4+ 89.Ke3 Qc3+ 90.Qd3 Qe1+ 91.Kd4+ Kf4 92.Kc4 Qa5
93.Qd4+ Kf3 94.Qd5+ Qxd5+ 95.Kxd5 Ke3 96.Kc4 Ke4 97.Kb5 Kd5 98.Kxb6  1/2-1/2

[Event "Budapest FS09 IM-B"]
[Site "Budapest"]
[Date "1994.??.??"]
[Round "9"]
[White "Krizsany, Laszlo"]
[Black "Apel, Stefan"]
[Result "1-0"]
[WhiteElo "2395"]
[BlackElo "2310"]

1.d4 Nf6 2.c4 e6 3.Nc3 Bb4 4.f3 d5 5.a3 Bxc3+ 6.bxc3 c5 7.cxd5 Nxd5 8.dxc5 Qa5
9.e4 Ne7 10.Be3 O-O 11.Qb3 Nbc6 12.Bb5 e5 13.Ne2 Be6 14.Bc4 Bxc4 15.Qxc4 b5
16.cxb6 axb6 17.O-O Rfc8 18.Qa2 b5 19.Bc5 Ng6 20.Rfd1 Rc7 21.Rd6 Nf4 22.Nxf4 exf4
23.Qb3 h6 24.Rad1 Rac8 25.R1d5 Ne7 26.Qb4 Qxb4 27.Rd8+ Kh7 28.axb4 Rxd8 29.Rxd8 Nc6
30.Rd5 Rb7 31.h4 g5 32.hxg5 hxg5 33.Rxg5 Nd8 34.Rf5 Ne6 35.Bd6  1-0

[Event "Buenos Aires PRENAJ"]
[Site "Buenos Aires"]
[Date "1994.??.??"]
[Round "11"]
[White "Saldano, Horacio"]
[Black "Zarnicki, Pablo"]
[Result "0-1"]
[WhiteElo "2275"]
[BlackElo "2435"]

1.d4 Nf6 2.c4 e6 3.Nc3 Bb4 4.f3 d5 5.a3 Bxc3+ 6.bxc3 c5 7.cxd5 Nxd5 8.Qd3 b6
9.e4 Ba6 10.c4 Nc7 11.d5 exd5 12.exd5 O-O 13.Bb2 Nd7 14.O-O-O b5 15.d6 Ne6
16.cxb5 c4 17.Qc3 Bxb5 18.Rd5 Rb8 19.Nh3 Bc6 20.Rg5 Rxb2 21.Kxb2 Nxg5  0-1

[Event "ESP-chT"]
[Site "Cala Galdana"]
[Date "1994.??.??"]
[Round "?"]
[White "Gallego, Victoriano"]
[Black "Suba, Mihai"]
[Result "0-1"]
[WhiteElo "2360"]
[BlackElo "2525"]

1.d4 Nf6 2.c4 e6 3.Nc3 Bb4 4.f3 d5 5.a3 Bxc3+ 6.bxc3 c5 7.cxd5 exd5 8.e3 Qc7
9.Ne2 Nc6 10.Nf4 O-O 11.Bd3 Re8 12.O-O Ne7 13.g4 cxd4 14.cxd4 Ng6 15.Nxg6 hxg6
16.Bd2 Bd7 17.Kg2 Rac8 18.h3 Bc6 19.h4 Qd7 20.a4 a6 21.Rh1 Qe7 22.Qb3 b5
23.a5 Bb7 24.Rh3 Rc4 25.g5 Nh5 26.Bxc4 dxc4 27.Qc3 Qd6 28.e4 Bc8 29.Rh2 b4
30.Qxc4 Qg3+ 31.Kh1 Qxf3+ 32.Kg1 Bh3 33.Re1 Qg4+  0-1

[Event "Calcutta op"]
[Site "Calcutta"]
[Date "1994.??.??"]
[Round "11"]
[White "Crouch, Colin S"]
[Black "Prasad, Devaki V"]
[Result "1-0"]
[WhiteElo "2410"]
[BlackElo "2445"]

1.d4 Nf6 2.c4 e6 3.Nc3 Bb4 4.f3 c5 5.d5 d6 6.e4 Bxc3+ 7.bxc3 e5 8.Bd3 Nbd7
9.Ne2 h6 10.h4 h5 11.Ng3 g6 12.Nf1 Ng8 13.Bd2 Qe7 14.a4 b6 15.a5 bxa5 16.Qa4 a6
17.Ke2 Rb8 18.Bg5 f6 19.Be3 Qd8 20.Nd2 Ne7 21.Qxa5 Qxa5 22.Rxa5 Kd8 23.Kd1 Kc7
24.Kc2 Rb6 25.Nb3 Bb7 26.Ra2 Bc8 27.g3 Rf8 28.g4 Rh8 29.Raa1 Nf8 30.Nxc5 dxc5
31.Bxc5 Rd6 32.Bb4 hxg4 33.c5 Rxd5 34.exd5 Nxd5 35.fxg4 Ne3+ 36.Kb2 Nxg4
37.Bxa6 Bxa6 38.Rxa6 Nd7 39.Rd1 Nb8 40.Ra7+  1-0

[Event "ESP-ch"]
[Site "Canete"]
[Date "1994.??.??"]
[Round "?"]
[White "Cruz Lopez Claret, Carlos"]
[Black "Gomez Esteban, Juan Mario"]
[Result "0-1"]
[WhiteElo "2305"]
[BlackElo "2485"]

1.d4 Nf6 2.c4 e6 3.Nc3 Bb4 4.f3 d5 5.a3 Bxc3+ 6.bxc3 c5 7.cxd5 Nxd5 8.dxc5 Qa5
9.e4 Ne7 10.Be3 O-O 11.Qb3 Qc7 12.a4 Nbc6 13.f4 Na5 14.Qa3 Bd7 15.Nf3 Bc6
16.Nd2 f5 17.Qa2 Kh8 18.Qxe6 fxe4 19.Qd6 Qxd6 20.cxd6 Nd5 21.Bd4 Nxf4 22.Nc4 Nxg2+
23.Bxg2 Nxc4 24.O-O-O Rf7 25.Bc5 b6 26.Rd4 Na5 27.Rxe4 Nb3+  0-1

[Event "USA-op"]
[Site "Chicago"]
[Date "1994.??.??"]
[Round "4"]
[White "Manion, Josh"]
[Black "Chachere, Lawrence"]
[Result "1/2-1/2"]
[WhiteElo "2335"]
[BlackElo "2285"]

1.d4 Nf6 2.c4 e6 3.Nc3 Bb4 4.f3 d5 5.a3 Bxc3+ 6.bxc3 c5 7.cxd5 Nxd5 8.Qd3 b6
9.e4 Ba6 10.Qd2 Bxf1 11.Kxf1 Ne7 12.Ne2 Nbc6 13.Kf2 cxd4 14.cxd4 O-O 15.Rd1 Na5
16.Qa2 Rc8 17.a4 Nc4 18.Bf4 Ng6 19.Rac1 Nxf4 20.Rxc4 Rxc4 21.Qxc4 Qh4+ 22.Kg1 Nxe2+
23.Qxe2 Rc8 24.Qd2 Qd8 25.d5  1/2-1/2

[Event "Chicago op"]
[Site "Chicago"]
[Date "1994.??.??"]
[Round "9"]
[White "Manion, Josh"]
[Black "Chow, Albert"]
[Result "1/2-1/2"]
[WhiteElo "2280"]
[BlackElo "2310"]

1.d4 Nf6 2.c4 e6 3.Nc3 Bb4 4.f3 d5 5.a3 Be7 6.e4 dxc4 7.Be3 c5 8.dxc5 Qc7
9.Qa4+ Nfd7 10.Qxc4 Bxc5 11.b4 Bb6 12.Qxc7 Bxc7 13.Rc1 Nc6 14.Nge2 Bb6 15.Kf2 Ke7
16.Na4 Bxe3+ 17.Kxe3 Rd8 18.Nf4 Nde5 19.Nd3 Nxd3 20.Bxd3 e5 21.Bc4  1/2-1/2

[Event "Copenhagen op16"]
[Site "Copenhagen"]
[Date "1994.??.??"]
[Round "3"]
[White "Bogdanovich, Grigory"]
[Black "Lyrberg, Patrik"]
[Result "1-0"]
[WhiteElo "2385"]
[BlackElo "2415"]

1.d4 Nf6 2.c4 e6 3.Nc3 Bb4 4.f3 O-O 5.e4 d6 6.Ne2 c5 7.a3 Bxc3+ 8.Nxc3 Nc6
9.d5 Nd4 10.Ne2 Nxe2 11.Bxe2 e5 12.O-O h6 13.Bd2 Qc7 14.b4 b6 15.Rf2 Ne8
16.g4 Bd7 17.Bd3 Nf6 18.g5 Nh5 19.gxh6 g6 20.Qc1 f5 21.Bg5 Rf7 22.Re2 f4
23.Qd1 Nf6 24.Qf1 Nh7 25.Qg2 Raf8 26.h4 Kh8 27.Rb2 Nf6 28.Bxf6+ Rxf6 29.Qg5 Ba4
30.b5  1-0

[Event "Copenhagen op16"]
[Site "Copenhagen"]
[Date "1994.??.??"]
[Round "6"]
[White "Bogdanovich, Grigory"]
[Black "Pilgaard, Kim"]
[Result "0-1"]
[WhiteElo "2385"]
[BlackElo "2280"]

1.d4 Nf6 2.c4 e6 3.Nc3 Bb4 4.f3 d5 5.a3 Bxc3+ 6.bxc3 c5 7.cxd5 Nxd5 8.Qc2 cxd4
9.cxd4 Nc6 10.e4 Nb6 11.Bb2 Nxd4 12.Qc5 Nc6 13.Bxg7 Rg8 14.Rd1 Nd7 15.Qc3 e5
16.Rxd7 Bxd7 17.Bxe5 Nxe5 18.Qxe5+ Qe7 19.Qb2 O-O-O 20.Bc4 Ba4  0-1

[Event "RUS-ch (Women)"]
[Site "Elista"]
[Date "1994.??.??"]
[Round "?"]
[White "Strutinskaya, Galina N"]
[Black "Titorenko, Natalia I"]
[Result "1-0"]
[WhiteElo "2260"]
[BlackElo "2100"]

1.d4 Nf6 2.c4 e6 3.Nc3 Bb4 4.f3 d5 5.a3 Be7 6.e4 dxe4 7.fxe4 e5 8.d5 O-O
9.Nf3 Bg4 10.Bd3 Bc5 11.h3 Bxf3 12.Qxf3 c6 13.Bg5 Nbd7 14.g4 Be7 15.Be3 cxd5
16.cxd5 Ne8 17.O-O Bc5 18.Rf2 Nd6 19.Kg2 a6 20.Rh1 Rc8 21.Nd1 Qb6 22.h4 Bxe3
23.Nxe3 Nc5 24.Bb1 Nb3 25.h5 f6 26.Nf5 Nxf5 27.gxf5 Kh8 28.Qg3 Nd4 29.Kh2 Qd6
30.Rg1 Rg8 31.Rfg2 Rc7 32.Qe3 Rcc8 33.Rg6 Nxf5 34.exf5 hxg6 35.hxg6 Rgd8
36.Qh3+ Kg8 37.Qh7+  1-0

[Event "RUS-ch"]
[Site "Elista"]
[Date "1994.??.??"]
[Round "4"]
[White "Yakovich, Yuri"]
[Black "Pushkov, Nikolai"]
[Result "1-0"]
[WhiteElo "2515"]
[BlackElo "2485"]

1.d4 Nf6 2.c4 e6 3.Nc3 Bb4 4.f3 d5 5.a3 Bxc3+ 6.bxc3 c5 7.cxd5 Nxd5 8.dxc5 Qa5
9.e4 Ne7 10.Be3 O-O 11.Qb3 Na6 12.Rb1 Nc6 13.Bb5 e5 14.Ne2 Be6 15.Qb2 Rac8
16.O-O Ncb8 17.Bxa6 Qxa6 18.Ng3 Rc7 19.f4 Nd7 20.fxe5 Nxc5 21.Bd4 Bc4 22.Rf3 Qc6
23.Re3 b6 24.Qf2 Re8 25.Nf5 Re6 26.Qh4 h6 27.Rbe1 Kh7 28.Rg3 Rg6 29.Ne7 Rxe7
30.Qxe7 Rxg3 31.hxg3 Nxe4 32.Qxa7 b5 33.Qb6 Qa8 34.e6 Bxe6 35.Qxb5 Nxg3 36.Bxg7 Nf5
37.Bd4 Qxa3 38.Qe5 Nxd4 39.cxd4 Qa2 40.Re3 Qd2 41.Rg3 Bg4 42.Qf6  1-0

[Event "BL2-O9394"]
[Site "Germany"]
[Date "1994.??.??"]
[Round "?"]
[White "Gutman, Lev"]
[Black "Womacka, Mathias"]
[Result "0-1"]
[WhiteElo "2450"]
[BlackElo "2430"]

1.d4 Nf6 2.c4 e6 3.Nc3 Bb4 4.f3 d5 5.a3 Be7 6.e4 c5 7.e5 Nfd7 8.cxd5 exd5
9.f4 Nc6 10.Nf3 cxd4 11.Nxd4 O-O 12.Be3 Nc5 13.Be2 Ne6 14.Bf3 Ncxd4 15.Bxd4 Nxf4
16.O-O Be6 17.Be3 Ng6 18.Bxd5 Qc7 19.Bxe6 fxe6 20.Rxf8+ Rxf8 21.Qd4 a6 22.Ne4 Rd8
23.Nd6 Nxe5 24.Qxe5 Qxd6 25.Qxd6 Bxd6 26.Bb6 Rd7 27.Rc1 Be5 28.b4 Bb2 29.Rc8+ Kf7
30.a4 e5 31.Kf2 Kf6 32.Rb8 Kf5 33.Kf3 e4+ 34.Ke2 Be5 35.Rf8+ Ke6 36.Re8+ Re7
37.Rh8 g6 38.Rd8 Bxh2 39.Bc5 Rd7 40.Re8+ Kd5 41.Be3 Bd6 42.b5 axb5 43.axb5 b6
44.Rc8 Bc5 45.g4 Rb7 46.Rc6 Kc4 47.Bxc5 bxc5 48.b6 Kb5 49.Re6 Rxb6 50.Rxe4 Rd6  0-1

[Event "Oberliga Nord O9394"]
[Site "Germany"]
[Date "1994.??.??"]
[Round "?"]
[White "Albrecht, Rainer"]
[Black "Seils, Joerg"]
[Result "1-0"]
[WhiteElo "2285"]
[BlackElo "2355"]

1.d4 Nf6 2.c4 e6 3.Nc3 Bb4 4.f3 c5 5.d5 Bxc3+ 6.bxc3 Qa5 7.Bd2 d6 8.e4 e5
9.Bd3 Nbd7 10.Ne2 Nb6 11.g4 Bd7 12.Ng3 g6 13.Kf2 h5 14.h3 h4 15.Nf1 Nh7 16.Ne3 Na4
17.Kg2 Nb2 18.Qc2 Nxd3 19.Qxd3 O-O-O 20.Rhf1 Rdf8 21.f4 exf4 22.Rxf4 f6 23.Qc2 Re8
24.Raf1 Re5 25.Rxf6 Nxf6 26.Rxf6 Rhe8 27.Rxg6 Rxe4 28.Kf3 Qd8 29.Nf5 Bxf5
30.gxf5 Qe7 31.Re6 Rxe6 32.dxe6 Qh7 33.Qe4 Rf8 34.Kg4 Rg8+ 35.Bg5 Qg7 36.Qe3 Kc7
37.Kxh4 Qh7+ 38.Kg4 Rh8 39.h4 Qh5+ 40.Kf4 Qd1 41.f6 Qf1+ 42.Kg3 Qxc4 43.f7 Qd5
44.Bf6 Rc8 45.Be7 Qf5 46.Qf4 Qd3+ 47.Qf3 Qg6+ 48.Bg5 Qxe6 49.f8=Q Rxf8 50.Qxf8 Qe5+
51.Kg4 Qe2+ 52.Kf5 Qf3+ 53.Bf4 Qh5+ 54.Ke6 Qg6+ 55.Qf6 Qe4+ 56.Kf7 Qd5+ 57.Kf8 Kc6
58.Bxd6 Qxd6+ 59.Qxd6+ Kxd6 60.h5 b5 61.h6  1-0

[Event "Oberliga Nord N9495"]
[Site "Germany"]
[Date "1994.??.??"]
[Round "?"]
[White "Meyer, Falko"]
[Black "Breyther, Ruediger"]
[Result "1/2-1/2"]
[WhiteElo "2260"]
[BlackElo "2330"]

1.d4 Nf6 2.c4 e6 3.Nc3 Bb4 4.f3 d5 5.a3 Bxc3+ 6.bxc3 c5 7.cxd5 Nxd5 8.dxc5 Qa5
9.e4 Ne7 10.Be3 O-O 11.Qb3 Nd7 12.Bb5 Nc6 13.Ne2 a6 14.Bxc6 bxc6 15.O-O Rb8
16.Qc4 Rb2 17.Rf2 Ne5 18.Qd4 f6 19.Rd1 Rb7 20.Rff1 Qxa3 21.Bf4 Rb5 22.Bxe5 fxe5
23.Qxe5 Qxc5+ 24.Qxc5 Rxc5 25.Rd6 e5 26.Rfd1 a5 27.Rd8 Ba6 28.Ng3 g6 29.h4 a4
30.Rxf8+ Kxf8 31.Ra1 Ra5 32.Ra3 Bd3 33.Kf2 Ke7 34.Ke3 Bc2 35.Nf1 Ke6 36.Nd2 Rb5
37.Ra2 Bd1 38.Kd3 Rb8 39.c4 Kd6 40.Ra1 Bb3 41.Kc3 Kc5 42.Rb1 h6 43.Nxb3+ axb3
44.Rxb3 Ra8 45.Kd3 Rd8+ 46.Ke3 Kxc4 47.Rb1 Rd3+ 48.Ke2 Rc3 49.g4 Rc2+ 50.Ke3 Rh2
51.Rc1+ Kb5 52.Rd1 Kc5 53.Rd8 Rxh4 54.Re8 Kd6 55.Rg8 g5 56.Rg6+ Kd7 57.Rg7+ Kd6
58.Rg6+  1/2-1/2

[Event "Graz op"]
[Site "Graz"]
[Date "1994.??.??"]
[Round "6"]
[White "Stajcic, Nikola"]
[Black "Steinert, Martin"]
[Result "1-0"]
[WhiteElo "2350"]
[BlackElo "2130"]

1.d4 Nf6 2.c4 e6 3.Nc3 Bb4 4.f3 Nh5 5.g3 f5 6.e3 b6 7.Ne2 Bb7 8.Bg2 O-O 9.O-O d5
10.cxd5 exd5 11.Qb3 Bxc3 12.Nxc3 Kh8 13.Bd2 Nf6 14.Rac1 Nbd7 15.Nb5 Ne8 16.Bb4 Rf6
17.Rfe1 c6 18.Na3 a5 19.Bd2 Nf8 20.Nc2 Ne6 21.a4 Nd6 22.Rcd1 c5 23.dxc5 Nxc5
24.Qa2 Ba6 25.Bc3 Bc4 26.Bxf6 Qxf6 27.Qb1 Nd3 28.b3 Nxe1 29.Nxe1 Be2 30.Rxd5 Qe6
31.e4 fxe4 32.fxe4 Rf8 33.Qc2 Ba6 34.e5 Nf5 35.Qd2 Qe7 36.Nf3 Bb7 37.Rd7 Qc5+
38.Qf2 Qc1+ 39.Qe1 Qc5+ 40.Kh1 Bc8 41.Rd3 Ba6 42.Rc3 Qb4 43.e6 Bb7 44.Qe5 Ne7
45.h3 h6 46.Kh2 Ng6 47.Qe3 Ne7 48.Rc4 Qd6 49.Rc2 Bd5 50.Qe5 Qxe6 51.Qxe6 Bxe6
52.Re2 Bd5 53.Nh4 Bxg2 54.Rxe7 Rf2 55.Nxg2  1-0

[Event "Groningen op"]
[Site "Groningen"]
[Date "1994.??.??"]
[Round "1"]
[White "Ionescu Ilie, Viorica"]
[Black "Zak, Uriel"]
[Result "0-1"]
[WhiteElo "2170"]
[BlackElo "2370"]

1.d4 Nf6 2.c4 e6 3.Nc3 Bb4 4.f3 d5 5.a3 Bxc3+ 6.bxc3 c5 7.cxd5 Nxd5 8.Qd3 b6
9.e4 Ba6 10.Qc2 Bxf1 11.Kxf1 Ne7 12.Be3 cxd4 13.cxd4 Nbc6 14.Ne2 Rc8 15.Qa4 O-O
16.g3 f5 17.Kg2 fxe4 18.fxe4 Nd5 19.Qb3 Na5 20.Qd3 Nxe3+ 21.Qxe3 Nc4 22.Qd3 Qg5
23.Rhc1 Qe3 24.Qxe3 Nxe3+ 25.Kg1 Nc2 26.Rab1 Nxa3 27.Ra1 Nc2 28.Ra4 b5 29.Ra2 Nxd4
30.Rca1 Nxe2+ 31.Rxe2 Rc7 32.Rb2 Rb7 33.Ra6 e5 34.Rb4 Rf6 35.Ra5 a6 36.Ra2 Rd6
37.Kf2 Rc7 38.Ke2 Kf7 39.Rb3 Rc4 40.Kf3 Ke6 41.h4 h5 42.Ke3 Rdc6 43.Kd3 b4
44.Ra4 Rc3+ 45.Rxc3 Rxc3+ 46.Kd2 Rxg3 47.Rxa6+ Ke7  0-1

[Event "Harkany op"]
[Site "Harkany"]
[Date "1994.??.??"]
[Round "6"]
[White "Krizsany, Laszlo"]
[Black "Loginov, Valery A"]
[Result "1/2-1/2"]
[WhiteElo "2395"]
[BlackElo "2610"]

1.d4 Nf6 2.c4 e6 3.Nc3 Bb4 4.f3 d5 5.a3 Be7 6.e4 dxe4 7.fxe4 e5 8.d5 Bc5
9.Nf3 Bg4 10.h3 Bxf3 11.Qxf3 Nbd7 12.Bd3 c6 13.Bg5 h6 14.Bd2 Qe7 15.g4 a5
16.Ne2 Bd4 17.O-O-O c5 18.Ng3 g6 19.Rdf1 Ra6 20.Rh2 Qd6 21.Kb1 a4 22.Bc1 Kd8
23.h4 Kc7 24.Rfh1 h5 25.gxh5 gxh5 26.Rg2 Ng4 27.Rf1 Qf6 28.Nxh5 Qxf3 29.Rxf3 Nf2
30.Ng7 Nxd3 31.Rxd3 Rxh4 32.Rf3 Rg6 33.Ne6+ Kc8 34.Rxg6 fxg6 35.Rg3 Nf6 36.Rxg6 Nxe4
37.Rg8+ Kd7 38.Rg7+ Kc8 39.Rg8+ Kd7 40.Rg7+ Kc8 41.Rg8+  1/2-1/2

[Event "Hastings op9495"]
[Site "Hastings"]
[Date "1994.??.??"]
[Round "?"]
[White "Crouch, Colin S"]
[Black "Kosten, Anthony C"]
[Result "0-1"]
[WhiteElo "2395"]
[BlackElo "2510"]

1.d4 Nf6 2.c4 e6 3.Nc3 Bb4 4.f3 d5 5.a3 Bxc3+ 6.bxc3 c5 7.cxd5 Nxd5 8.dxc5 Qa5
9.e4 Nf6 10.Qb3 Qxc5 11.Qb5+ Nbd7 12.Qxc5 Nxc5 13.Bf4 Bd7 14.Bd6 Rc8 15.c4 Ba4
16.Nh3 Kd7 17.Be5 Rhd8 18.Ke2 Ke7 19.Ke3 Ncxe4 20.fxe4 Ng4+ 21.Kf4 Nxe5 22.Kxe5 g5
23.Nxg5 f6+ 24.Kf4 e5+ 25.Ke3 fxg5 26.h4 g4 27.Be2 Rd4 28.Bxg4 Rcxc4 29.Bf3 Bc6
30.Rhc1 Ra4 31.h5 Bxe4 32.Rc7+ Kd6 33.Rg7 Ke6 34.Be2 Ra5 35.g4 Rc5 36.g5 Rc3+
37.Kf2 Rd2 38.Ke1 Rcc2 39.Bg4+ Bf5 40.g6 Bxg4 41.gxh7 Rh2 42.Rg6+ Kd5 43.Rd1+ Bxd1  0-1

[Event "Hastings op9495"]
[Site "Hastings"]
[Date "1994.??.??"]
[Round "?"]
[White "Yakovich, Yuri"]
[Black "Lalic, Bogdan"]
[Result "1/2-1/2"]
[WhiteElo "2515"]
[BlackElo "2530"]

1.d4 Nf6 2.c4 e6 3.Nc3 Bb4 4.f3 d5 5.a3 Bxc3+ 6.bxc3 c5 7.cxd5 Nxd5 8.dxc5 Qa5
9.e4 Ne7 10.Be3 O-O 11.Qb3 Qc7 12.Bb5 Nbc6 13.Ne2 Na5 14.Qa4 e5 15.Rd1 Be6
16.Nc1 b6 17.cxb6 axb6 18.Qb4 Nec6 19.Qb2 Na7 20.Be2 Nc4 21.Bxc4 Qxc4 22.Nd3 Nb5
23.Nxe5 Qxc3+ 24.Qxc3 Nxc3 25.Ra1 Ra4 26.Kf2 Rfa8 27.Bd2 Nb5 28.Rhb1 Nxa3
29.Rxb6 h6 30.Rc1 Rd8 31.Bb4 Nc4 32.Nxc4 Rd4 33.Ne3 Raxb4 34.Rxb4 Rxb4 35.Rc5 g5
36.Kg3 Kg7 37.Nc2 Ra4 38.Ne3 Kg6 39.h4 Rd4 40.Ra5 Rd2 41.Nf5 Bxf5 42.Rxf5 gxh4+
43.Kh3 f6 44.Rf4 h5 45.Rxh4 Kg5 46.f4+ Kg6 47.Kg3 Rd3+ 48.Kf2 Rd2+ 49.Kf3 Rd3+
50.Ke2 Ra3 51.Rh1 Ra2+ 52.Kf3 Ra3+ 53.Kf2 Ra2+ 54.Kg3 Ra3+ 55.Kh4 Re3  1/2-1/2

[Event "HUN-chT 9394"]
[Site "?"]
[Date "1994.??.??"]
[Round "?"]
[White "Varga, Peter"]
[Black "Papp, Nandor"]
[Result "1-0"]
[WhiteElo "2250"]
[BlackElo "2180"]

1.d4 Nf6 2.c4 e6 3.Nc3 Bb4 4.f3 c5 5.d5 Bxc3+ 6.bxc3 Nh5 7.g3 f5 8.e4 f4
9.Ne2 e5 10.Bg2 d6 11.Bd2 O-O 12.Qc1 Nd7 13.Kf1 g5 14.h4 gxh4 15.gxf4 exf4
16.Rg1 Qf6 17.Bh3+ Ng3+ 18.Nxg3 hxg3 19.Bf5 Ne5 20.Bxf4 Bxf5 21.exf5 Qxf5
22.Rxg3+ Kh8 23.Bxe5+ Qxe5 24.Kf2 Rae8 25.Qd2 Qh5 26.Rag1 Re5 27.Rg4 Ref5
28.Qe3 Qf7 29.R1g3 Qf6 30.Rh3 b6 31.Rgh4 Qg7 32.Qh6 R5f7 33.Qxd6 Qxc3 34.Rxh7+ Kg8
35.Qg6+  1-0

[Event "HUN-chT 9394"]
[Site "?"]
[Date "1994.??.??"]
[Round "?"]
[White "Varga, Peter"]
[Black "Lorincz, Istvan"]
[Result "0-1"]
[WhiteElo "2250"]
[BlackElo "2370"]

1.d4 Nf6 2.c4 e6 3.Nc3 Bb4 4.f3 c5 5.d5 b5 6.e4 O-O 7.a3 Bxc3+ 8.bxc3 bxc4
9.Bxc4 Ba6 10.Bxa6 Nxa6 11.Ne2 c4 12.Be3 exd5 13.exd5 Qa5 14.d6 Rfe8 15.Bd4 Re6
16.O-O Rxd6 17.Ng3 Re8 18.Re1 Rde6 19.Rxe6 dxe6 20.Qe2 e5 21.Re1 Qxa3 22.Bxa7 Qxc3
23.Bf2 Nb4 24.Rb1 Nd3 25.Be3 Ra8 26.Nf1 Nd5 27.Qa2 Rf8 28.Ba7 h6 29.Rb7 N5f4
30.Rc7 Qe1 31.g3 Ne2+ 32.Kg2 c3 33.Qc4 Qd1 34.Rc8 g6 35.Be3 Nd4 36.Rxf8+ Kxf8
37.Bxh6+ Kg8 38.Be3 Qxf3+  0-1

[Event "HUN-chT2 9394"]
[Site "?"]
[Date "1994.??.??"]
[Round "?"]
[White "Solymosi, Istvan"]
[Black "Kiss, Attila"]
[Result "0-1"]
[WhiteElo "2285"]
[BlackElo "2340"]

1.d4 Nf6 2.c4 e6 3.Nc3 Bb4 4.f3 c5 5.d5 Nh5 6.g3 f5 7.e4 O-O 8.f4 Nf6 9.e5 Bxc3+
10.bxc3 Ne4 11.Bg2 d6 12.Ne2 Nd7 13.Be3 Nb6 14.Bxe4 fxe4 15.exd6 Nxc4 16.Bxc5 Nb2
17.Qd4 Nd3+ 18.Kd2 Rf5 19.d7 Rxd5 20.dxc8=Q Rxc8 21.Qe3 Nxc5+ 22.Nd4 Qa5
23.Ke2 Na4 24.Rhc1 Nxc3+ 25.Kf2 Qc5 26.Nb3 Qxe3+ 27.Kxe3 Rd3+ 28.Kf2 b6 29.Kg2 Rcd8
30.Rc2 a5 31.Rac1 Nd5 32.Rc8 Rxc8 33.Rxc8+ Kf7 34.Ra8 Ne3+ 35.Kg1 Ng4 36.Ra6 Rd1+
37.Kg2 Ne3+ 38.Kf2 Nd5 39.Ra7+ Kf6 40.Ra8 e3+  0-1

[Event "HUN-chT2 9394"]
[Site "?"]
[Date "1994.??.??"]
[Round "?"]
[White "Solymosi, Istvan"]
[Black "Loginov, Valery A"]
[Result "0-1"]
[WhiteElo "2285"]
[BlackElo "2540"]

1.d4 Nf6 2.c4 e6 3.Nc3 Bb4 4.f3 c5 5.d5 Nh5 6.g3 Bxc3+ 7.bxc3 f5 8.e4 f4
9.Bxf4 Nxf4 10.gxf4 Qh4+ 11.Ke2 Qxf4 12.Qd2 Qf6 13.Nh3 O-O 14.Qe3 d6 15.Nf2 exd5
16.cxd5 Na6 17.Bh3 Bxh3 18.Nxh3 Nc7 19.Nf2 Rae8 20.Rad1 Nb5 21.Rc1 Na3 22.Ng4 Qh4
23.c4 b5 24.Qxa3 Rxe4+ 25.Kd1 Rd4+ 26.Kc2 h5 27.Ne3 Rxf3 28.Kb1 Qe4+ 29.Ka1 Rxe3
30.Qxa7 Rxc4  0-1

[Event "HUN-chT2 9394"]
[Site "?"]
[Date "1994.??.??"]
[Round "?"]
[White "Goczan, Laszlo"]
[Black "Torok, Jozsef"]
[Result "1/2-1/2"]
[WhiteElo "2200"]
[BlackElo "2290"]

1.d4 Nf6 2.c4 e6 3.Nc3 Bb4 4.f3 Bxc3+ 5.bxc3 b6 6.e4 Ba6 7.Bd3 Nc6 8.Be3 Ng8
9.c5 Bxd3 10.Qxd3 Qg5 11.Kf2 f5 12.exf5 Qxf5 13.Qxf5 exf5 14.Nh3 Nge7 15.Rhe1 Kf7
16.Nf4  1/2-1/2

[Event "HUN-chT2 9394"]
[Site "?"]
[Date "1994.??.??"]
[Round "?"]
[White "Solymosi, Istvan"]
[Black "Botos, Ferenc"]
[Result "0-1"]
[WhiteElo "2285"]
[BlackElo "2175"]

1.d4 Nf6 2.c4 e6 3.Nc3 Bb4 4.f3 Bxc3+ 5.bxc3 d6 6.Bg5 O-O 7.e4 e5 8.Bd3 c5
9.Ne2 Nc6 10.d5 Na5 11.O-O h6 12.Bh4 g5 13.Bf2 Nh5 14.g4 Ng7 15.Ng3 b6 16.Kg2 f6
17.h4 Ba6 18.Qe2 Kf7 19.Rh1 Qd7 20.hxg5 hxg5 21.Rh7 Rh8 22.Rah1 Rxh7 23.Rxh7 Kg6
24.Rh2 Rg8 25.Nf1 Qe8 26.Ne3 Rh8 27.Rxh8 Qxh8 28.Qd1 Qe8 29.Qh1 Bc8 30.Nf5 Bxf5
31.exf5+ Kf7 32.Qh6 Qg8 33.Qg6+ Ke7 34.Be3 Qf7 35.Qh6 Ne8 36.Bxg5 fxg5 37.Qxg5+ Qf6
38.Qg8 Qf7 39.Qxf7+ Kxf7 40.f4 exf4 41.Kf3 Nc7 42.a4 a6 43.g5 b5 44.cxb5 axb5
45.axb5 Nxd5 46.c4 Nb6 47.Kxf4 Naxc4 48.Be2 Na3 49.f6 c4 50.Kf5 Nxb5 51.g6+ Kg8
52.Ke6 Nd4+ 53.Ke7 Nd5+ 54.Kxd6 Nxe2 55.Kxd5  0-1

[Event "Isle of Man op"]
[Site "Isle of Man"]
[Date "1994.??.??"]
[Round "2"]
[White "Ballon, Guenther Jan"]
[Black "Conquest, Stuart"]
[Result "0-1"]
[WhiteElo "2195"]
[BlackElo "2505"]

1.d4 Nf6 2.c4 e6 3.Nc3 Bb4 4.f3 d5 5.a3 Bxc3+ 6.bxc3 c5 7.cxd5 Nxd5 8.dxc5 Qa5
9.e4 Ne7 10.Be3 O-O 11.Qb3 Bd7 12.Qb4 Qc7 13.a4 Nbc6 14.Qa3 f5 15.Rd1 fxe4
16.fxe4 Qe5 17.Bd3 Nd5 18.Bd2 Nf4 19.Bxf4 Qxf4 20.Nf3 Ne5 21.Be2 Rad8 22.Rf1 Ng4
23.g3 Qxe4 24.Rd4 Qb1+ 25.Kd2 Qg6 26.h4 Bc6 27.Bd3 Be4 28.c4 Rxd4 29.Nxd4 Qh6+
30.Kc3 Rxf1 31.Bxe4 Qe3+ 32.Bd3 Ne5  0-1

[Event "Isle of Man op"]
[Site "Isle of Man"]
[Date "1994.??.??"]
[Round "8"]
[White "Crouch, Colin S"]
[Black "Lalic, Susan"]
[Result "1-0"]
[WhiteElo "2395"]
[BlackElo "2375"]

1.d4 Nf6 2.c4 e6 3.Nc3 Bb4 4.f3 d5 5.a3 Bxc3+ 6.bxc3 c5 7.cxd5 Nxd5 8.dxc5 Qa5
9.e4 Ne7 10.Be3 O-O 11.Qb3 Bd7 12.Nh3 Na6 13.Be2 Rfc8 14.O-O Nxc5 15.Qb4 Qc7
16.Rad1 Be8 17.c4 b6 18.Qb2 e5 19.f4 f6 20.fxe5 fxe5 21.Bg4 Rd8 22.Rxd8 Rxd8
23.Ng5 Qd6 24.Qf2 Ng6 25.Bxc5 Qxc5 26.Be6+ Kh8 27.Qxc5 bxc5 28.Bd5 Rb8 29.Ne6 Rb2
30.Nxc5 Nf4 31.Nd3 Rxg2+ 32.Kh1 Rc2 33.Nxf4 exf4 34.Rxf4 Rc1+ 35.Kg2 Rc2+
36.Kg1  1-0